| 000 | 00567nam a2200181 i 4500 | ||
|---|---|---|---|
| 001 | 34435 | ||
| 003 | ES-MaACL | ||
| 005 | 20250930063041.0 | ||
| 007 | t| | ||
| 008 | 030207s1969 sp ||||1| spa d | ||
| 100 | 1 |
_aAlonso Bonet, Joaquín, _d1889-1975 _930119 |
|
| 245 | 1 | 0 |
_aPequeñas historias de Gijón _b: (Del archivo de un periodista) / _cJoaquín A. Bonet. |
| 260 |
_aGijón : _bLa Industria, _c1969. |
||
| 300 |
_aXI, 561 p. ; _c24 cm. |
||
| 651 | 4 |
_aGijón- _xHistoria. _9169134 |
|
| 852 |
_aES-MaACL _jC-41837 _bR.70845 |
||
| 999 |
_c34435 _d34435 |
||